Most Valuable Global Brands in 2017 - Statistics

General Stats
  • This quiz has been taken 101 times
  • The average score is 9 of 20
Answer Stats
Rank Category Brand Value $Mil Brand % Correct
2 Technology 234,671 Apple
98%
3 Technology 143,222 Microsoft
87%
10 Fast Food 97,723 McDonald's
84%
1 Technology 245,581 Google
81%
13 Soft Drinks 78,142 Coca Cola
78%
4 Retail 139,286 Amazon
73%
5 Technology 129,800 Facebook
63%
7 Payments 110,999 Visa
52%
18 Entertainment 52,040 Disney
48%
20 Payments 49,928 MasterCard
43%
12 Tobacco 87,519 Marlboro
39%
11 Telecom Providers 89,279 Verizon
39%
6 Telecom Providers 115,112 AT&T
36%
9 Technology 102,088 IBM
32%
16 Logistics 58,275 UPS
28%
19 Conglomerate 50,208 GE
17%
15 Regional Banks 58,424 Wells Fargo
15%
14 Retail 59,127 Alibaba
14%
8 Technology 108,292 Tencent
8%
17 Telecom Providers 56,535 China Mobile
6%
No matching quizzes found
Score Distribution
Percent of People with Each Score
Percentile by Number Answered
Your Score History
You have not taken this quiz